Statistiques concernant Les 10 personnages principaux dans "Sex education"

Cliquez ici pour prendre le quiz!

Statistiques générales

  • Ce quiz a été pris 123 fois
  • Le résultat moyen est 4 sur 10

Statistiques - réponses

HintRéponse% Correct
1Otis Milburn
97%
3Maeve Wiley
62%
2Jean Milburn
47%
4Adam Groff
44%
6Eric Effiong
33%
9Ruby Matthews
29%
5Jackson Marchetti
27%
7Aimee Gibbs
23%
8Michael Groff
14%
10Ola Nyman
8%

Distribution des résultats

Percentile par nombre de réponses

% des personnes avec chaque résultat

Votre développement - résultats

Vous n’avez pas pris ce quiz